000 00411nam a2200145Ia 4500
003 GCL
008 140319s9999 xx 000 0 eng d
040 _aGCL /
_cGCL
082 0 4 _a658.8
_bB P
100 1 _aBAKER, MICHEL
245 1 0 _aPERSPECTIVES ON MARKETING MANUFACTURING V.3 /
_cBAKER, MICHEL
260 _a[S.N] :
_bJOHN WILEY AND SONS. INC ،
_c1993
650 0 4 _aMARKETING - MANAGEMENT
942 _2ddc
_cBK
999 _c17014
_d17014